Central Library OPAC University of Rajshahi

Fundamentals of microwave electronics / (Record no. 56412)

MARC details
000 -LEADER
fixed length control field 00753nam a2200217 a 4500
001 - CONTROL NUMBER
control field 56412
003 - CONTROL NUMBER IDENTIFIER
rucl marc code BD-RjUL
005 - DATE AND TIME OF LATEST TRANSACTION
control field 20211209080407.0
008 - FIXED-LENGTH DATA ELEMENTS--GENERAL INFORMATION
fixed length control field 161129s1963 enkd b 000 0 eng
035 ## - SYSTEM CONTROL NUMBER
System control number (BD-RjUL)56536
040 ## - CATALOGING SOURCE
Original cataloging agency DLC
Transcribing agency OClU
Modifying agency Uk
-- BD-RjUL
-- DLC
Language of cataloging eng
041 1# - LANGUAGE CODE
Language code of text/sound track or separate title engrus
082 ## - DEWEY DECIMAL CLASSIFICATION NUMBER
Classification number 621.381
Edition number 23
Author mark and year SHF 1963
100 1# - MAIN ENTRY--PERSONAL NAME
Personal name Shevchik, Vladimir Nikolaevich
9 (RLIN) 167793
245 10 - TITLE STATEMENT
Title Fundamentals of microwave electronics /
Statement of responsibility, etc. Vladimir Nikolaevich Shevchik ; Translated by L. A. Thompson. Translation edited by W. A. Gambling.
260 ## - PUBLICATION, DISTRIBUTION, ETC. (IMPRINT)
Place of publication, distribution, etc. Oxford ;
-- New York:
Name of publisher, distributor, etc. Pergamon Press,
Date of publication, distribution, etc. 1963.
300 ## - PHYSICAL DESCRIPTION
Pagination xxxi, 253 p. :
Illustrations diagrs. ;
Size 24 cm.
504 ## - BIBLIOGRAPHY, ETC. NOTE
Bibliography, etc Bibliography: p.xxii-xxv; p. 243-246.
650 #0 - SUBJECT ADDED ENTRY--TOPICAL TERM
Topical term or geographic name as entry element Electronics
9 (RLIN) 167794
942 ## - ADDED ENTRY ELEMENTS (KOHA)
Source of classification or shelving scheme Dewey Decimal Classification
Koha item type Books
Holdings
Lost status Source of classification or shelving scheme Damaged status Not for loan Collection code Permanent Location Current Location Shelving location Date acquired Source of acquisition Total Checkouts Full call number Date last seen Copy number Koha item type Cost, normal purchase price
  Dewey Decimal Classification     Non-fiction Central Library, University of Rajshahi Central Library, University of Rajshahi   03/11/1965 Zeitlinger   621.381 SHF 1963 29/11/2016 C-2 Books  
  Dewey Decimal Classification   Not For Loan Non-fiction Central Library, University of Rajshahi Central Library, University of Rajshahi Reading Room 13/10/1970 Sweets & Zeitlinger   621.381 SHF 1963 09/05/2017 C-1 Books 40.00